000 00455nam a2200157Ia 4500
008 220204s9999 xx 000 0 und d
020 _a9789832088301
082 _aNR:63:581.2
_bYEA
100 _aYeang, H Y
245 4 _aThe brown bast syndrome of Hevea brasiliensis
260 _aMalaysia
_bMalaysian Rubber Board
_c2007
490 _aMalaysian Rubber Board Monograph No. 21
650 _aBrown bast syndrome
650 _aTPD control
942 _cREF
999 _c42802
_d42802